International Hotel English : Communicating with the International Traveller /

Guardat en:
Dades bibliogràfiques
Autor principal: Adamson, Donald
Format: Sách giấy
Idioma:English
Publicat: New York : Prentice-Hall , 1989
Etiquetes: Afegir etiqueta
Sense etiquetes, Sigues el primer a etiquetar aquest registre!
Thư viện lưu trữ: Thư viện Trường Đại học Đà Lạt
LEADER 00626nam a2200253 4500
001 DLU020016154
005 ##11/1/2000
020 # # |a 978- 
041 # # |a eng 
082 # # |a 428.3  |b AD-D 
090 # # |a 428.3  |b AD-D 
100 # # |a Adamson, Donald 
245 # # |a International Hotel English :  |b Communicating with the International Traveller /  |c Adamson Donald 
260 # # |a New York :  |b Prentice-Hall ,  |c 1989 
300 # # |a 190 tr.;   |c 21 cm. 
992 # # |a 16000 
994 # # |a DLU 
900 # # |a False 
911 # # |a Administrator 
925 # # |a G 
926 # # |a A 
927 # # |a SH 
980 # # |a Thư viện Trường Đại học Đà Lạt